Top 15 landen met Covid-19 sterfgevallen - 30 mei - Statistieken

Algemene statistieken
  • Deze quiz is 2 keer genomen
  • De gemiddelde score is 15 van 21
Antwoordstatistieken
land % Correct
België
100%
Canada
100%
China
100%
Duitsland
100%
Italië
100%
Mexico
100%
Nederland
100%
Rusland
100%
Spanje
100%
Verenigde Staten
100%
Verenigd Koninkrijk
100%
Zweden
100%
Brazilië
50%
Frankrijk
50%
India
50%
Iran
50%
Peru
50%
Portugal
50%
Ecuador
0%
Ierland
0%
Zwitserland
0%
Geen overeenkomende quizzen gevonden
Scoreverdeling
Procent van Mensen met Elke Score
Percentiel versus Aantal Correcte Antwoorden
Uw Scoregeschiedenis
U heeft deze quiz nog niet genomen